000 00239nam a2200121Ia 4500
100 _aMehta/N.V
942 _cBK
245 _aIncome-Tax Ready recknoner 16-17
260 _b#N/A
_c2017
300 _a376
546 _aENGLISH
999 _c31231
_d31231